000 00995cam a2200301 a 4500
005 20260322212023.0
008 data
010 _a85-3713
020 _a0394420211
040 _aDNLM
_cDNLM
041 0 9 _aeng
044 _9United States
060 0 0 _aWM 11 FE5
_bS5f 1985
096 _aWM 11 S56 1986
100 1 _aShowalter, Elaine.
245 1 4 _aThe female malady :
_bwomen, madness, and English culture, 1830-1980 /
_cElaine Showalter.
250 _a1st ed.
260 _aNew York :
_bPantheon Books,
_cc1985.
300 _axii, 312 p. :
_bill., ports.
500 _aIncludes index.
504 _aBibliography: p. 289-303.
590 _aIncludes bibliography and index.
650 2 _aMental Disorders
_xhistory
_zEngland
650 2 _aPsychiatry
_xhistory
_zEngland
650 2 _aWomen
_xpsychology
_zEngland
856 4 0 _uhttps://openlibrary.org/works/OL2041592W/The_female_malady?edition=femalemalady00elai
_yOnline access from the Open Library.
_zRequires free sign up.
001 data
999 _c527
_d527